000 00442nam a2200157Ia 4500
008 210716s1987 xx 000 0 und d
020 _a0070449589
041 _aeng
082 _a330 MCCC
100 _aMcconnell, Campbell R.
245 _aEconomics: principles problems and policies.
_bPrinciples problems and policies.
250 _a10
260 _aNew Delhi
_bMcGraw Hill
_c1987
300 _axxxi,914,I-20
650 _aEconomics(330)
999 _c202949
_d202949